000 00521nam a2200193Ia 4500
008 131103s9999 xx 000 0 und d
040 _aLoreto College
041 _aEnglish
082 _a922/SAV
_bLCLIB
100 _aBosco, St.John
245 _aVen Dominic Savio
_b (1842-1857)
_cSt.John Bosco
260 _aLondon
_bAlexander - ouseley
_c[19?]
300 _a196p.
_c 22cm.
504 _aIncludes biobliography
650 _aDominic Savio, Ven
651 _aBiography
850 _aLCLIB/922/SAV
942 _cBK
999 _c25377
_d75856